Svatý Stanislav Kostka, patron mládeže /

Hlavní autor: Arndt, Augustin, 1851-1925
Další autoři: Štěp, Alois
Jazyk: Čeština
Vydáno: V Brně : Tiskem a nákladem knihtiskárny benediktinů rajhradských, 1898
Témata:
Externí odkaz: Digitalizovaný dokument
Fyzický popis: 169 s. ; 18 cm
Knihy
Uloženo v:
LEADER 01619nam a22004211a 4500
001 000711865
003 CZ BrMZK
005 20110603141327.0
007 ta
008 040420s1898 xr e cze d
015 |a cnb002173994 
040 |a ABA001  |b cze 
041 1 |a cze  |h ger 
043 |a e-pl--- 
045 |a t5t6 
072 7 |a 929  |x Biografie  |2 Konspekt  |9 8 
080 |a 929  |2 MRF 
080 |a 27-789.5  |2 MRF 
080 |a 27-36  |2 MRF 
080 |a (438)  |2 MRF 
080 |a (092)  |2 MRF 
100 1 |a Arndt, Augustin,  |d 1851-1925  |7 skuk0000046  |4 aut 
245 1 0 |a Svatý Stanislav Kostka, patron mládeže /  |c napsal Augustin Arndt ; z němčiny přeložil Alois Štěp 
260 |a V Brně :  |b Tiskem a nákladem knihtiskárny benediktinů rajhradských,  |c 1898 
300 |a 169 s. ;  |c 18 cm 
500 |a Název originálu z bibliografického katalogu 19. stol. 
500 |a Dostupné též v digitalni podobě v aplikaci Kramerius 
600 0 7 |a Stanislav Kostka,  |c svatý,  |d 1550-1568  |7 xx0029950  |2 czenas 
648 7 |a 16. století  |7 ch460554  |2 czenas 
650 0 7 |a jezuité  |7 ph121349  |z Polsko  |y 16. stol.  |2 czenas 
650 0 7 |a křesťanští světci  |7 ph115082  |z Polsko  |y 16. stol.  |2 czenas 
655 7 |a biografie  |7 fd131909  |2 czenas 
700 1 |a Štěp, Alois  |7 jx20071029031  |4 trl 
765 0 |t Heilige Stanislaus Kostka, Patron der Jugend  |9 Česky 
856 4 1 |u http://kramerius.nkp.cz/kramerius/handle/ABA001/11810550  |y Digitalizovaný dokument 
910 |a BOA001  |b 1-0021.456,52  |k r 
990 |a BK 
996 6 |b 2619232925  |c 1-0021.456,52  |l MZK  |r Sklad / do 1 hodiny  |n 1  |w 000711865  |u 000010  |a 1  |e BOA001  |j MZK50  |s P